000 00491nam a2200133Ia 4500
008 220204s9999 xx 000 0 und d
082 _aNR:62:629
_bRUB
245 0 _aRubber in non-tyre automotive applications : Papers from a one day conference organised jointly by European Rubber Journal and Rubber Consultants on 22nd March 1991
260 _aLondon
_bCrain Communications
_c1991
650 _aHose design
650 _aRubber based engine design
650 _aSeal fittings
942 _cBK
999 _c40971
_d40971